000 00328nam a2200121Ia 4500
008 190216s9999||||xx |||||||||||||| ||und||
100 _aThe Board Of Studies In Malayalam
245 0 _a1985-Le Thiranjetutha Kavithakal
260 _bD C Books Kerala
_c1985
300 _a123p
650 _aMalayalam(Selected Poems)
942 _cBK
999 _c27751
_d27751